Liste films horreur - Statistiques

Statistiques générales
  • Ce quiz a été pris 144 fois
  • Le résultat moyen est 26 sur 148
Statistiques - réponses
Date de sortie et réalisateur
Nom du film (n'oubliez pas les suites)
% Correct
2007 de Rob Zombie | 2018 de David Gordon Green Halloween
70%
2004 de James Wan Saw
65%
2017 de Andy Muschietti ça
64%
1996 de Wes Craven Scream
60%
1980 de Stanley Kubrick Shining
58%
2014 de John R. Leonetti Annabelle
54%
2003 de Marcus Nispel | 2022 de David Blue Garcia Massacre à la tronçonneuse
50%
1980 de Sean S. Cunningham | 2009 de Marcus Nispel Vendredi 13
50%
1973 de William Friedkin L'exorciste
45%
2005 de Darren Lynn Bousman Saw 2
45%
2006 de Darren Lynn Bousman Saw 3
45%
2007 de Darren Lynn Bousman Saw 4
45%
2008 de David Hackl Saw 5
45%
1997 de Wes Craven Scream 2
45%
2000 de Wes Craven Scream 3
44%
2011 de Wes Craven Scream 4
44%
2009 de Kevin Greutert Saw 6
43%
1975 de Steven Spielberg Les dents de la mer
40%
2022 de Tyler Gillett, Matt Bettinelli-Olpin Scream 5
38%
1982 de John Carpenter The thing
38%
2024 de Tyler Gillett, Matt Bettinelli-Olpin Scream 6
36%
1981 de Rick Rosenthal | 2009 de Rob Zombie Halloween 2
34%
1984 de Wes Craven Les griffes de la nuit
34%
2010 de James Wan Insidious
33%
2016 de Damien Leone Terrifier
31%
1981 de Sam Raimi Evil dead
29%
2006 de Alexandre Aja La colline a des yeux
29%
1960 de Alfred Hitchcock Psychose
28%
2007 de Jaume Balagueró et Paco Plaza Rec
27%
2012 de Scott Derrickson Sinister
26%
2013 de James Wan Conjuring les dossiers Warren
25%
1991 de Jonathan Demme Le silence des agneaux
25%
2022 de Damien Leone Terrifier 2
25%
2024 de Damien Leone Terrifier 3
24%
1988 de Tim Burton Beetlejuice
23%
2017 de Jordan Peele Get out
23%
2017 de Michael et Peter Spierig Jigsaw
21%
2019 de Ari Aster Midsommar
21%
1988 de Tom Holland Jeu d'enfant
20%
2002 de Gore Verbinski Le cercle
19%
1979 de Ridley Scott Alien le 8eme passager
18%
2016 de James Wan Conjuring le cas Enfield
18%
1992 de Francis Ford Coppola Dracula
18%
2007 de Oren Peli Paranormal activity
18%
2019 de Jordan Peele Us
18%
1992 de David Fincher Alien 3
17%
2010 de Samuel Bayer Freddy Les Griffes de la nuit
17%
1986 de David Cronenberg La mouche
17%
1978 de John Carpenter La nuit des masques
17%
1982 de Tobe Hooper | 2015 de Gil Kenan Poltergeist
17%
2009 de Jaume Balagueró et Paco Plaza Rec 2
17%
2023 de Kevin Greutert Saw 10
17%
1987 de Sam Raimi Evil dead 2
16%
2022 de David Gordon Green Halloween ends
16%
2018 de Ari Aster Hérédité
16%
1987 de John McTiernan Predator
16%
2022 de Parker Finn Smile
16%
2018 de Shane Black The predator
16%
1986 de James Cameron Aliens le retour
15%
2024 de Tim Burton Beetlejuice Beetlejuice
15%
1976 de Brian De Palma Carrie au bal du diable
15%
2021 de David Gordon Green Halloween kills
15%
2017 de Ridley Scott Alien covenant
14%
2022 de David Bruckner Hellraiser
14%
1998 de Ronny Yu La fiancée de Chucky
13%
1986 de Tobe Hooper Massacre a la tronconneuse 2
13%
2005 de Neil Marshall The descent
13%
1997 de Jean-Pierre Jeunet Alien résurrection
11%
2021 de Michael Chaves Conjuring sous l'emprise du diable
11%
2004 de Don Mancini Le fils de Chucky
11%
2012 de Ridley Scott Prometheus
11%
1991 de Jack Bender Chucky 3
10%
2018 de Corin Hardy The nun
10%
2003 de Ronny yu Freddy contre Jason
10%
2014 de de David Robert Mitchell It follows
10%
1999 de Daniel Myrick et Eduardo Sánchez Le projet Blair Witch
10%
2017 de Alexandre Bustillo et Julien Maury Leatherface
9%
2005 de Hideo Nakata Le cercle 2
9%
2017 de Don Mancini Le retour de Chucky
9%
2024 de Parker Finn Smile 2
9%
2024 de Fede Álvarez Alien romulus
8%
1994 de Wes Craven Freddy sort de la nuit
8%
2013 de Don Mancini La malédiction de Chucky
8%
1985 de Jack Sholder La Revanche de Freddy
8%
1988 de Renny Harlin Le Cauchemar de Freddy
8%
1981 de Steve Miner Le tueur du vendredi
8%
1974 de Tobe Hooper Massacre a la tronçoneuse
8%
1990 de Stephen Hopkins Predator 2
8%
2021 de Darren Lynn Bousman Spirale - L'héritage de Saw
8%
2021 de Darren Lynn Bousman Spirale l'héritage de saw
8%
2018 de Adam Robitel Insidious la derniere clé
7%
1993 de Adam Marcus Jason va en enfer
7%
1991 de Rachel Talalay La Fin de Freddy l'Ultime Cauchemar
7%
2006 de Jonathan Liebesman Massacre à la tronçonneuse Le Commencement
7%
2010 de Nimród Antal Predators
7%
2010 de Kevin Greutert Saw 3D chapitre final
7%
1984 de Joseph Zito Vendredi 13 chapitre final
7%
2007 de Juan Carlos Fresnadillo 28 semaines plus tard
6%
2017 de David F. Sandberg Annabelle 2 la création du mal
6%
2019 de Gary Dauberman Annabelle la maison du mal
6%
1986 de Tom McLoughlin Vendredi 13 chapitre 6 Jason le mort vivant
6%
1988 de John Carl Buechler Vendredi 13 chapitre 7 un nouveau défi
6%
2002 de Rick Rosenthal Halloween résurrection
6%
2011 de Drew Goddard La cabane dans les bois
6%
1987 de Chuck Russel Les Griffes du cauchemar
6%
2022 de Dan Trachtenberg Prey
6%
2020 de John Krasinski Sans un bruit 2
6%
2013 de John Luessenhop Texas Chainsaw 3D
6%
2023 de Michael Chaves The nun 2
6%
1990 de Jeff Burr Leatherface Massacre à la Tronçonneuse 3
5%
1995 de Kim Henkel Massacre à la tronçonneuse La Nouvelle Génération
5%
1985 de Danny Steinmann Vendredi 13 chapitre 5 une nouvelle terreur
5%
1989 de Rob Hedden Vendredi 13 chapitre 8 l'ultime retour
5%
1998 de Steve Miner Halloween 20ans après
5%
1988 de Dwight H. Little Halloween 4 le retour de Michael Myers
5%
1989 de Dominique Othenin-Girard Halloween 5 la revanche de Michael Myers
5%
1995 de Joe Chappelle Halloween 6 la malédiction de Michael Myers
5%
1996 de Alan Smithee Hellraiser bloodline
5%
1987 de Clive Barker Hellraiser le pacte
5%
2013 de James Wan Insidious chapitre 2
5%
2001 de James Isaac Jason 10
5%
1990 de John Lafia La poupée de sang
5%
1989 de Stephen Hopkins L'Enfant du cauchemar
5%
1996 de Robert Rodriguez Une nuit en enfer
5%
2023 de Emma Tammi Five nights at Freddy's
4%
2002 de Rick Bota Hellraiser hellseeker
4%
2005 de Rick Bota Hellraiser hellworld
4%
2000 de Scott Derrickson Hellraiser inferno
4%
2023 de Patrick Wilson Insidious the red door
4%
2019 de Michael Chaves La dame blanche
4%
1982 de Steve Miner Meurtres en trois dimensions
4%
1982 de Damiano Damiani Amityville 2 le possédé
3%
2018 de Jon Turteltaub En eaux troubles
3%
1982 de Tommy Lee Wallace Halloween le sang du sorcier
3%
1988 de Tony Randel Hellraiser 2 les écorchés
3%
1992 de Anthony Hickox Hellraiser 3 hell on earth
3%
2011 de Víctor García Hellraiser révélations
3%
2015 de Leigh Whannell Insidious chapitre 3
3%
2012 de Makoto Kamiya Resident-evil damnation
2%
2005 de Rick Bota Hellraiser deader
1%
2018 de Gary Tunnicliffe Hellraiser judgment
1%
2018 de Diederik Van Rooijen L'exorcisme de Hannah Grace
1%
2024 de Gary Dauberman Salem
1%
Aucun quiz correspondant
Distribution des résultats
% des personnes avec chaque résultat
Percentile par nombre de réponses
Votre historique - résultats
Vous n’avez pas pris ce quiz